000
00213nam a22001097a 4500
082
_a
JIN
100
_a
M A Jinnah
245
_a
Letters of Iqbal to jinnah
260
_a
Lahore
_c
1974
300
_a
IRP
942
_c
BK
999
_c
14773
_d
14773